00632nam a22001697a 4500003000400000008004100004020001800045082001700063100002000080245004700100260005500147300001500202650005600217942001200273999001700285952016000302OSt260616b |||||||| |||| 00| 0 eng d a9789385516443 a519.54bK97I aKushwaha, K.S.  aInferential Statistics/ bby K.S. Kushwaha aNew Delhi : bNew India Publishing Agency, c2016. aix, 419 p. aMathematics | Pure Sciences | Statistical inference 2ddccBK c52111d52111 00102ddc4070aRAUbRAUcGENd2026-06-16eFaith Enterprises g2900.00l0o519.54 K97Ip88351r2026-06-16w2026-01-22yBKkInvoice No. FE/11/2025-26